000 00669pam a2200193 a 4500
020 _a0813380669 (hardcover : alk. paper)
020 _a0813380650 (pbk. : alk. paper)
040 _cDLC
082 0 0 _a952 WES 1991 A100 Or.
100 1 _aHane, Mikiso.
245 1 0 _aPremodern Japan :
_ba historical survey /
260 _aBoulder :
_bWestview Press,
_c1991.
300 _axii, 258 p. :
_bill., maps ;
_c24 cm.
500 _aRev. ed. of: Japan, a historical survey. 1972.
700 1 _aHane, Mikiso.
856 4 2 _uhttp://www.loc.gov/catdir/enhancements/fy0833/90041699-b.html
856 4 2 _uhttp://www.loc.gov/catdir/enhancements/fy0833/90041699-d.html
942 _cEK
999 _c12770
_d12770